Literatura y matemáticas (Record no. 145292)
[ view plain ]
| 000 -CABECERA | |
|---|---|
| campo de control de longitud fija | 00556nab a2200217 a 4500 |
| 005 - FECHA Y HORA DE LA ÚLTIMA TRANSACCIÓN | |
| campo de control | 20210219160816.0 |
| 008 - ELEMENTOS DE LONGITUD FIJA--INFORMACIÓN GENERAL | |
| campo de control de longitud fija | 991125s1985 mx 000 0 spa u |
| 035 ## - NÚMERO DE CONTROL DEL SISTEMA | |
| Número de control de sistema | UPN01000173188 |
| 100 1# - ASIENTO PRINCIPAL--NOMBRE PERSONAL | |
| Nombre de persona | Frabetti, Carlo |
| 222 ## - TÍTULO CLAVE | |
| Título clave | UNO : |
| 222 ## - TÍTULO CLAVE | |
| Información calificativa | REVISTA DE DIDACTICA DE LAS MATEMATICAS |
| 245 ## - MENCIÓN DE TÍTULO | |
| Título | Literatura y matemáticas |
| 260 ## - PUBLICACIÓN, DISTRIBUCIÓN, ETC. | |
| Lugar de publicación, distribución, etc. | Barcelona, España |
| 300 ## - DESCRIPCIÓN FÍSICA | |
| Extensión | 42-46 |
| 362 0# - FECHAS DE PUBLICACIÓN Y/O DESIGNACIÓN SECUENCIAL | |
| Fecha de publicación y/o designación secuencial | 2009 Año 13, no. 50, ene. |
| 653 0# - TERMINO DE INDIZACION - NO CONTROLADO | |
| Término no controlado | MATEMATICA |
| 653 0# - TERMINO DE INDIZACION - NO CONTROLADO | |
| Término no controlado | SISTEMA DECIMAL |
| 653 0# - TERMINO DE INDIZACION - NO CONTROLADO | |
| Término no controlado | LECTURA |
| 653 0# - TERMINO DE INDIZACION - NO CONTROLADO | |
| Término no controlado | ESCRITURA |
| 905 ## - TIPO DE MATERIAL | |
| Tipo de material | Articulo |
No items available.
